000 00377nam a2200157Ia 4500
003 Ost
005 20260225132538.0
008 260225s9999||||xx |||||||||||||| ||und||
040 _cfsic
041 _afre
082 _a658.45
100 _aJaques hubert montagner
_eAuteur
245 0 _aL'enfant et la communication /
245 0 _cJaques hubert montagner
942 _cكتاب
999 _c33337
_d33337